00507nam a22001457a 450000500170000001000130001702000260003003700320005608200080008810000210009624501020011726000490021927000750026830000180034320260227103523.0 aBACEN 26 a9789369586363c699.00 bS Chand and Company Limited a000 aSharma, Priyanka aNTA UGC NET SET JRF Ph.D 2025-26 :cDr. Priyanka Sharmabteaching and research aptitude paper-1 / aNew DelhibS Chand and Company Limitedc2025 aA-27,2nd floor Mohan Co-Operative Industrial EstatebNew Delhie110044 avp.c26cm(pb)